Apertura comercial en Centroamerica: nuevos retos para la agricultura /

保存先:
書誌詳細
第一著者: Nuhn, Helmut
その他の著者: ed. Stamm, Andreas ed
フォーマット: テキスト
出版事項: San José: Departamento Ecuménico de Investigaciones (DEI)
主題:
タグ: タグ追加
タグなし, このレコードへの初めてのタグを付けませんか!

MARC

LEADER 00000 a a2200000 04500
001 31425
003
040
020 |a 9977-83-092-4  
090 |a 198108  
100 |a Nuhn, Helmut  
245 |a Apertura comercial en Centroamerica: nuevos retos para la agricultura /  |c Helmut Nuhn 
260 |a San José:   |b Departamento Ecuménico de Investigaciones (DEI)  
300 |a 297 p.  
650 |a AJUSTE ESTRUCTURAL  
650 |a LIBERALIZACION DEL INTERCAMBIO  
650 |a SECTOR AGROPECUARIO  
650 |a CONSECUENCIAS ECONOMICAS  
650 |a PEQUEÑAS EXPLOTACIONES AGRICOLAS  
650 |a COSTOS DE PRODUCCION  
650 |a BAJOS INGRESOS  
650 |a PRODUCCION AGROPECUARIA  
650 |a PRODUCTIVIDAD  
650 |a PRECIOS AGRICOLAS  
700 |a ed.   |a Stamm, Andreas   |a ed.  
999 |c 15784  |d 15784